01663 a2200205 45000010006000000050017000060080041000230030015000640400040000790800117001192450062002360200018002982640051003163000019003675050921003860410008013071000025013157000018013408560099013584595020260407155732.0260407a1986 arg spa dAR-UNSa-BCEJYS aAR-UNSa-BCEJYSbspacAR-UNSa-BCEJYS a338.2xPolítica económica. Control de la economía. Gestión de la economía. Planificación económica10aModelos macroeconómicos para los países en desarrollo a968-16-2404-1 1aMéxico :bFondo de Cultura Económicac1986 a358 p.c23 cm. a1. Introducción y resumen – 2. Las cifras de la planeación nacional – 3. Proyecciones coherentes a corto plazo con el uso de datos rudimentarios – 4. Cambios de precios, efectos de ingreso y sorpresas de la política económica a corto plazo – 5. El margen de beneficio, los cambios inflacionarios de los precios y la distribución macroeconómica a corto plazo – 6. Modelos sencillos para planes a mediano plazo – 7. Dos modelos de planeación de precios flexibles en acción – 8. Dos modelos de desequilibrio con precios fijos – 9. Tres modelos con dinero y crédito, inflación y crecimiento – 10. Los modelos clásicos de distribución funcional del ingreso y el crecimiento de la producción – 11. La agricultura y la industria – 12. Cálculos de cantidades y precios por el insumo-producto – 13. Los precios de sombra y la evaluación de los proyectos de inversión -  aspa1 aSuárez, Eduardo L.1 aTaylor, Lance41uhttps://www.biblioeco.unsa.edu.ar/pmb/images/libros/L127237.jpgyImagen de portadaqimage/jpeg